00578nam a22001937a 4500003000500000005001700005008004100022010001000063011001000073035001000083040000900093082001500102100002600117245010700143260004400250300002000294650004400314650002600358CHAP20220329140510.0971013c19461936 r 00010 d a52866 a53838 a57988 cCHAP a664.1bT7600aTromp, Lucas Andreas. aMachinery and equipment of the cane sugar factory; a textbook on machenery for the cane sugar industry aLondon :bNorman Rodger,c1946 (c.1936) a644 p.b: ilus.14aAzúcarxFabricación y refinación.14aAzúcarxMaquinaria.